000 00673nam a2200217 4500
003 OSt
005 20240725034948.0
006 a
008 240725b |||||||| |||| 00| 0 eng d
020 _a9780073385006
040 _aDWCL-Main lib.
_cOC
082 _aCirc. 302.34 Ad214c 2009
100 _aAdams, Katherine
245 _aCommunicating in groups : applications and skills /
260 _aBoston:
_bMcGraw-Hill Higher Education,
_cc2009.
300 _axvii,
_b(various paging) : ll. ;
_c23 cm.
504 _aIncludes bibliographical references & index.
650 _a1. Small groups.
650 _a2. Interpersonal relations.
942 _2ddc
_n0
_cBK-CIRC
_kCirc.
999 _c2719
_d2719